[Event "Manhem Chessweek Elo (1)"]
[Site "?"]
[Date "2015.08.14"]
[Round "9"]
[White "Fransson, Lennart"]
[Black "Bergré, Joachim"]
[Result "1-0"]
[WhiteElo "2107"]
[BlackElo "2100"]
[PlyCount "123"]

1. c4 Nf6 2. g3 g6 3. Bg2 Bg7 4. Nc3 c5 5. d3 O-O 6. e4 d6 7. Nge2 Nc6 8. O-O
Rb8 9. f4 a6 10. h3 Nd4 11. Be3 Nxe2+ 12. Nxe2 b5 13. Rb1 bxc4 14. dxc4 Qa5 15.
Nc1 Bb7 16. Qe2 Qc7 17. Bd2 Bc6 18. Bc3 Qb7 19. Re1 Rfd8 20. Nb3 Qc8 21. Kh2
Ne8 22. e5 Bxg2 23. Kxg2 e6 24. Qe3 Qc6+ 25. Kh2 Rbc8 26. Rbc1 Rd7 27. Na5 Qc7
28. Rcd1 dxe5 29. fxe5 Rcd8 30. Rxd7 Rxd7 31. Nb3 Bf8 32. Qe4 Qc8 33. Re2 Ng7
34. g4 Qd8 35. Rd2 h5 36. Qe3 hxg4 37. hxg4 Qh4+ 38. Qh3 Rxd2+ 39. Bxd2 Qf2+
40. Qg2 Qh4+ 41. Kg1 Ne8 42. Qe4 Ng7 43. Qf4 Be7 44. Kg2 Ne8 45. Qg3 Qh7 46.
Qh2 Bh4 47. Nxc5 g5 48. Qg1 Qc2 49. Qc1 Qg6 50. Bc3 f6 51. Qd2 fxe5 52. Bxe5
Qf7 53. Qe3 Qg6 54. Ne4 Qh7 55. c5 Qb7 56. Qf3 Qd5 57. Bc3 Qxa2 58. Nd6 Nxd6
59. cxd6 Qa4 60. Qa8+ Kf7 61. Qb7+ Kf8 62. Qg7+ 1-0

[Event "Manhem Chessweek Elo (1)"]
[Site "?"]
[Date "2015.08.14"]
[Round "9"]
[White "Svorono, Gabriel"]
[Black "Wickström, Tommy"]
[Result "0-1"]
[WhiteElo "1972"]
[BlackElo "1895"]
[PlyCount "97"]

1. e4 c6 2. Nf3 d5 3. Nc3 dxe4 4. Nxe4 Nf6 5. Nxf6+ gxf6 6. d4 Bg4 7. Be3 Qa5+
8. c3 Na6 9. b4 Qh5 10. Be2 Nc7 11. Qb3 e5 12. O-O-O e4 13. h3 Be6 14. d5 Bxd5
15. Rxd5 cxd5 16. g4 exf3 17. Qa4+ Kd8 18. gxh5 fxe2 19. Re1 Bd6 20. Rxe2 Re8
21. c4 b5 22. cxb5 d4 23. Rd2 dxe3 24. Rxd6+ Ke7 25. Qd1 e2 26. Rd7+ Kf8 27.
Qe1 Nxb5 28. Rd3 Rac8+ 29. Kd2 Rc4 30. Re3 Rxe3 31. fxe3 Nc3 32. Kd3 Rc8 33. a4
Ke7 34. b5 f5 35. a5 Nxb5 36. Qb4+ Nd6 37. Kxe2 Ke6 38. Qd4 Rc2+ 39. Kd3 Rh2
40. Qxa7 Rxh3 41. a6 f4 42. Qd4 Rxh5 43. exf4 Ra5 44. a7 Ra3+ 45. Kc2 Ra6 46.
Kb3 h5 47. Qa4 Rxa4 48. Kxa4 Nc8 49. a8=Q 0-1

[Event "Manhem Chessweek Elo (1)"]
[Site "?"]
[Date "2015.08.14"]
[Round "9"]
[White "Bengtsson, Tage"]
[Black "Bengtsson, Jonas"]
[Result "0-1"]
[WhiteElo "2076"]
[BlackElo "2117"]
[PlyCount "72"]

1. d4 Nf6 2. Nf3 e6 3. Bg5 c5 4. Nbd2 cxd4 5. Nxd4 Nc6 6. Nxc6 bxc6 7. e4 e5 8.
Qf3 Be7 9. Bc4 d6 10. O-O O-O 11. Rfe1 Bg4 12. Qg3 Bh5 13. Bb3 Bg6 14. Qc3 Qc7
15. Rad1 Rad8 16. f3 Kh8 17. Ba4 Rfe8 18. Nc4 Rc8 19. Bc1 Nd7 20. Be3 Nb6 21.
Bb3 f5 22. Bf2 fxe4 23. fxe4 Nd7 24. Na5 Nf6 25. Be6 Nxe4 26. Rxe4 Bxe4 27.
Bxc8 Rxc8 28. Nc4 Bg6 29. Bg3 Bf7 30. Ne3 Be6 31. Rf1 Bf6 32. Nf5 Rf8 33. Qe1
Bxf5 34. Rxf5 Qb6+ 35. Bf2 Qxb2 36. c4 Qc2 0-1

[Event "Manhem Chessweek Elo (1)"]
[Site "?"]
[Date "2015.08.14"]
[Round "9"]
[White "Axelsson, Henrik"]
[Black "Dahl, Tryggve"]
[Result "0-1"]
[WhiteElo "1965"]
[BlackElo "2090"]
[PlyCount "116"]

1. d4 f5 2. Nc3 Nf6 3. Bg5 d5 4. Bxf6 exf6 5. e3 Be6 6. Bd3 Qd7 7. Qf3 Nc6 8.
a3 O-O-O 9. Nge2 g5 10. b4 Bd6 11. Nb5 Be7 12. Ng3 a6 13. Nxf5 axb5 14. Nxe7+
Nxe7 15. Qxf6 h6 16. Bxb5 Qxb5 17. Qxe6+ Qd7 18. Qf7 Rdf8 19. Qg7 Nf5 20. Qxd7+
Kxd7 21. a4 Nd6 22. O-O Ra8 23. Rfc1 Ra7 24. Ra2 Rha8 25. Rca1 Ne4 26. Ra3 Nd6
27. h3 Nb5 28. R3a2 Nc3 29. Ra3 Rxa4 30. Rxa4 Rxa4 31. Rxa4 Nxa4 32. f4 Nc3 33.
Kf2 Ke6 34. Kf3 Kf5 35. g4+ Kf6 36. Kg3 b5 37. h4 Na2 38. fxg5+ hxg5 39. h5
Nxb4 40. Kf3 Nxc2 41. Ke2 Na3 42. Kd2 Nc4+ 43. Kd3 Nd6 44. Kc3 Ne4+ 45. Kb4 c6
46. Ka5 Ke6 47. Kb4 Kd6 48. Ka5 Nf6 49. h6 Kc7 50. Kb4 Kb6 51. Kc3 Ka5 52. Kd3
b4 53. Kc2 Ka4 54. Kb2 b3 55. Kb1 Ka3 56. Ka1 b2+ 57. Kb1 Kb3 58. e4 Nxe4 0-1

[Event "Manhem Chessweek Elo (1)"]
[Site "?"]
[Date "2015.08.14"]
[Round "9"]
[White "Hattab, Hashim"]
[Black "Gromark, Per-Olof"]
[Result "1-0"]
[WhiteElo "1920"]
[BlackElo "2036"]
[PlyCount "39"]

1. d4 d5 2. c4 e6 3. Nc3 Nf6 4. Nf3 Nbd7 5. e3 c6 6. Bd3 dxc4 7. Bxc4 b5 8. Bd3
a6 9. Qe2 Be7 10. e4 b4 11. Na4 O-O 12. O-O c5 13. dxc5 Nxc5 14. Nxc5 Bxc5 15.
e5 Nd7 16. Bxh7+ Kxh7 17. Ng5+ Kg6 18. Qe4+ f5 19. exf6+ Kxf6 20. Qxe6# 1-0

[Event "Manhem Chessweek Elo (1)"]
[Site "?"]
[Date "2015.08.13"]
[Round "8"]
[White "Wickström, Tommy"]
[Black "Fransson, Lennart"]
[Result "0-1"]
[WhiteElo "1895"]
[BlackElo "2107"]
[PlyCount "90"]

1. h4 e5 2. d4 exd4 3. Qxd4 h6 4. Bf4 Nc6 5. Qe4+ Be7 6. Nc3 Nf6 7. Qf3 d6 8.
O-O-O Be6 9. g4 Bxg4 10. Qg3 Rg8 11. Nd5 Nxd5 12. Qxg4 Nxf4 13. Qxf4 Kf8 14.
Nf3 Bf6 15. e3 Qe7 16. c3 Rb8 17. Rd5 a6 18. Bc4 b5 19. Bb3 Ne5 20. Rxe5 dxe5
21. Qe4 Qc5 22. Rd1 Qe7 23. h5 g6 24. Rd5 c6 25. Rxe5 Bxe5 26. Nxe5 Rg7 27. Qf4
Rc8 28. hxg6 Qg5 29. Qd4 Rd8 30. Qc5+ Kg8 31. Bxf7+ Rxf7 32. gxf7+ Kg7 33. Kc2
Qf5+ 34. Kb3 Qe6+ 35. Ka3 Qd6 36. Qxd6 Rxd6 37. f4 Re6 38. Ng4 Kxf7 39. f5 Rd6
40. e4 h5 41. Nh2 Kf6 42. Kb4 Ke5 43. Kc5 Rf6 44. Nf1 h4 45. Nd2 h3 0-1

[Event "Manhem Chessweek Elo (1)"]
[Site "?"]
[Date "2015.08.13"]
[Round "8"]
[White "Dahl, Tryggve"]
[Black "Hattab, Hashim"]
[Result "1-0"]
[WhiteElo "2090"]
[BlackElo "1920"]
[PlyCount "91"]

1. e4 d6 2. d4 Nf6 3. Nc3 g6 4. f3 c6 5. Be3 Nbd7 6. Qd2 h5 7. h4 b5 8. a3 Nb6
9. d5 c5 10. Bxb5+ Bd7 11. Bxd7+ Nfxd7 12. b3 Bg7 13. Nge2 Ne5 14. Kf2 Qd7 15.
Nf4 O-O 16. Nd3 Nbc4 17. Nxe5 Nxe5 18. Bh6 Bh8 19. Bxf8 Rxf8 20. Raf1 Qd8 21.
Ke1 Qa5 22. Nb1 Qb6 23. g4 hxg4 24. fxg4 c4 25. h5 Bg7 26. h6 Bf6 27. g5 cxb3
28. gxf6 exf6 29. h7+ Kh8 30. cxb3 Qxb3 31. Nc3 Rc8 32. Rh3 Qxa3 33. Qf4 Nd7
34. Rff3 Qa1+ 35. Kf2 Qb2+ 36. Ne2 Rc2 37. Re3 Nc5 38. Qg4 Qb8 39. Rc3 Rb2 40.
Qf4 Qd8 41. Rxc5 dxc5 42. d6 g5 43. Qf5 c4 44. e5 fxe5 45. Qxe5+ f6 46. Qxb2
1-0

[Event "Manhem Chessweek Elo (1)"]
[Site "?"]
[Date "2015.08.13"]
[Round "8"]
[White "Gromark, Per-Olof"]
[Black "Bengtsson, Tage"]
[Result "0-1"]
[WhiteElo "2036"]
[BlackElo "2076"]
[PlyCount "62"]

1. Nf3 d5 2. c4 e6 3. g3 Nf6 4. Bg2 c5 5. O-O Nc6 6. e3 Be7 7. b3 O-O 8. Bb2
Bd7 9. Nc3 Rc8 10. Qe2 Qc7 11. Rac1 dxc4 12. bxc4 Rfd8 13. Rfd1 Na5 14. d3 Bc6
15. Nb5 Qb6 16. Rb1 Qa6 17. Bc3 b6 18. e4 Bd7 19. Ne5 Be8 20. Ng4 Nd7 21. h4
Nc6 22. h5 e5 23. Bh3 Nd4 24. Bxd4 cxd4 25. h6 g6 26. f4 f6 27. fxe5 fxe5 28.
Rf1 Rc6 29. a4 Qb7 30. a5 a6 31. Nxe5 Nxe5 0-1

[Event "Manhem Chessweek Elo (1)"]
[Site "?"]
[Date "2015.08.13"]
[Round "8"]
[White "Bergré, Joachim"]
[Black "Axelsson, Henrik"]
[Result "0-1"]
[WhiteElo "2100"]
[BlackElo "1965"]
[PlyCount "44"]

1. e4 c5 2. Nc3 e6 3. g3 d5 4. d3 Nc6 5. Bg2 Nf6 6. exd5 Nxd5 7. Nge2 Be7 8.
Nxd5 exd5 9. Nf4 d4 10. O-O O-O 11. Re1 Re8 12. Nd5 Bd6 13. Rxe8+ Qxe8 14. Bf4
Qd7 15. Qe2 Bxf4 16. Nxf4 Kf8 17. Re1 Ne7 18. Nd5 Nxd5 19. Bxd5 h6 20. Qe4 Kg8
21. Qe8+ Kh7 22. Re7 Qxd5 0-1

[Event "Manhem Chessweek Elo (1)"]
[Site "?"]
[Date "2015.08.13"]
[Round "8"]
[White "Bengtsson, Jonas"]
[Black "Svorono, Gabriel"]
[Result "1-0"]
[WhiteElo "2117"]
[BlackElo "1972"]
[PlyCount "43"]

1. d4 d5 2. c4 c6 3. Nf3 Nf6 4. Nc3 dxc4 5. a4 Bf5 6. Ne5 e6 7. f3 Bb4 8. e4
Bxe4 9. fxe4 Nxe4 10. Bd2 Qh4+ 11. g3 Nxg3 12. hxg3 Qxh1 13. Qg4 O-O 14. O-O-O
f5 15. Qf4 Bxc3 16. Bxc3 Qd5 17. Bxc4 Qd6 18. Rh1 Nd7 19. Bb4 c5 20. Nxd7 Qxd7
21. Bxc5 Rfc8 22. Qxf5 1-0

[Event "Manhem Chessweek Elo (1)"]
[Site "?"]
[Date "2015.08.12"]
[Round "7"]
[White "Fransson, Lennart"]
[Black "Bengtsson, Jonas"]
[Result "1/2-1/2"]
[WhiteElo "2107"]
[BlackElo "2117"]
[PlyCount "121"]

1. c4 Nf6 2. g3 c5 3. Bg2 d5 4. cxd5 Nxd5 5. Nc3 Nc7 6. Nf3 Nc6 7. O-O e5 8.
Ne1 Bg4 9. Qa4 Qd7 10. Bxc6 bxc6 11. Nd3 f6 12. f3 Bf5 13. Nf2 Be7 14. e3 O-O
15. Rd1 Nb5 16. Nce4 Be6 17. Qc2 Qd5 18. Kg2 Rfd8 19. Nc3 Qd7 20. Na4 c4 21. d3
cxd3 22. Rxd3 Qc7 23. Bd2 Rxd3 24. Qxd3 Rd8 25. Qc2 Bf8 26. b3 Bd5 27. Be1 Qf7
28. Nc3 Nxc3 29. Qxc3 c5 30. e4 Be6 31. Bd2 c4 32. Be3 cxb3 33. axb3 Bxb3 34.
Rxa7 Qc4 35. Qa5 Qc8 36. h4 h5 37. Qb6 Bf7 38. g4 hxg4 39. fxg4 Rd7 40. g5 Rxa7
41. Qxa7 fxg5 42. hxg5 Qc3 43. Qb6 Qe1 44. Bc5 Bc4 45. Bxf8 Qf1+ 46. Kh2 Kxf8
47. Qd8+ Kf7 48. Qd7+ Kg8 49. Qe8+ Kh7 50. Qf8 Be6 51. Qf3 Kg6 52. Qe3 Qa1 53.
Nd3 Qd4 54. Nf4+ Kf7 55. Qxd4 exd4 56. Kg3 Bc4 57. Kf3 Ba6 58. e5 Bb7+ 59. Kg3
Be4 60. Kf2 Ke7 61. Ke2 1/2-1/2

[Event "Manhem Chessweek Elo (1)"]
[Site "?"]
[Date "2015.08.12"]
[Round "7"]
[White "Bergré, Joachim"]
[Black "Dahl, Trygve"]
[Result "0-1"]
[WhiteElo "2100"]
[BlackElo "2090"]
[PlyCount "72"]

1. e4 c5 2. Nc3 Nc6 3. g3 g6 4. Bg2 Bg7 5. d3 d6 6. Be3 Rb8 7. Qd2 b5 8. Nge2
Nd4 9. Nc1 b4 10. Nd1 e6 11. O-O Ne7 12. c3 bxc3 13. bxc3 Ndc6 14. Bh6 O-O 15.
Bxg7 Kxg7 16. Ne3 Ba6 17. Rd1 f5 18. Ne2 e5 19. Nd5 fxe4 20. dxe4 Nxd5 21. exd5
Na5 22. Rdb1 Nc4 23. Qd1 Qa5 24. Bf1 Nb6 25. Qd2 Nc4 26. Qc1 Rxb1 27. Rxb1 Nb6
28. Qd2 Bc4 29. Nc1 Qa6 30. Bxc4 Qxc4 31. Ne2 Rf3 32. Rd1 Na4 33. Kg2 Nxc3 34.
Nxc3 Qxc3 35. Qg5 Rf5 36. Qe7+ Rf7 0-1

[Event "Manhem Chessweek Elo (1)"]
[Site "?"]
[Date "2015.08.12"]
[Round "7"]
[White "Bengtsson, Tage"]
[Black "Hattab, Hashim"]
[Result "0-1"]
[WhiteElo "2076"]
[BlackElo "1920"]
[PlyCount "76"]

1. d4 Nf6 2. c4 g6 3. Nc3 Bg7 4. e4 d6 5. Be2 O-O 6. Bg5 h6 7. Be3 e5 8. d5 c5
9. g4 Qa5 10. Bd2 Qb6 11. h4 Ne8 12. Qc1 Kh7 13. h5 g5 14. Nh3 f6 15. f3 a6 16.
Nf2 Qd8 17. Rb1 Rf7 18. Be3 b6 19. O-O Rb7 20. b4 Nd7 21. Nd3 Bf8 22. Bd1 Be7
23. Rf2 Rc7 24. bxc5 dxc5 25. Ba4 Nd6 26. Nd1 b5 27. cxb5 axb5 28. Bxb5 Nxb5
29. Rxb5 Ba6 30. Rxc5 Nxc5 31. Nxc5 Rac8 32. Qa3 Bb5 33. Qb3 Rxc5 34. d6 Qxd6
35. Bxc5 Qxc5 36. Qf7+ Kh8 37. Ne3 Be8 38. Qe6 Rc6 0-1

[Event "Manhem Chessweek Elo (1)"]
[Site "?"]
[Date "2015.08.12"]
[Round "7"]
[White "Axelsson, Henrik"]
[Black "Wickström, Tommy"]
[Result "0-1"]
[WhiteElo "1965"]
[BlackElo "1895"]
[PlyCount "76"]

1. d4 d6 2. e4 g6 3. f4 c5 4. c3 Nf6 5. Bd3 Bg4 6. Qb3 Qb6 7. Nd2 cxd4 8. Qxb6
axb6 9. cxd4 Nc6 10. Ngf3 Bh6 11. h3 Nb4 12. Bb1 Be6 13. g3 Bxa2 14. Nc4 Ra6
15. Rxa2 Rxa2 16. Bxa2 Nxa2 17. e5 b5 18. exf6 bxc4 19. Bd2 exf6 20. Kf2 Kd7
21. d5 f5 22. Ra1 Ra8 23. Bc3 Ra4 24. Bf6 b5 25. Re1 Bf8 26. Rd1 Be7 27. Bxe7
Kxe7 28. Nd4 c3 29. bxc3 Nxc3 30. Rd3 b4 31. Kf3 Ne4 32. Re3 Kd7 33. g4 Nf6 34.
Nc2 fxg4+ 35. hxg4 Nxd5 36. Rb3 Kc6 37. Ke4 Kc5 38. Rh3 b3+ 0-1

[Event "Manhem Chessweek Elo (1)"]
[Site "?"]
[Date "2015.08.12"]
[Round "7"]
[White "Svorono, Gabriel"]
[Black "Gromark, Per-Olof"]
[Result "0-1"]
[WhiteElo "1972"]
[BlackElo "2036"]
[PlyCount "70"]

1. e4 c5 2. Nf3 g6 3. c3 Bg7 4. d4 cxd4 5. cxd4 d5 6. e5 Bg4 7. Bb5+ Nc6 8.
Nbd2 e6 9. O-O Nge7 10. h3 Bxf3 11. Nxf3 O-O 12. Bg5 Qb6 13. Bxc6 Nxc6 14. Qd2
a5 15. Bh6 a4 16. Rab1 Rfc8 17. Bxg7 Kxg7 18. Qf4 Qd8 19. Nh2 f6 20. Ng4 fxe5
21. dxe5 Qh4 22. g3 Qe7 23. Rbc1 Rf8 24. Nf6 Kh8 25. Rfe1 Nxe5 26. Qxe5 Qxf6
27. Qxf6+ Rxf6 28. Rc7 Raf8 29. Rxb7 Rxf2 30. h4 h5 31. Rb4 e5 32. Rxa4 e4 33.
Rd4 e3 34. Rxd5 e2 35. Rd2 Rf1+ 0-1

[Event "Manhem Chessweek Elo (1)"]
[Site "?"]
[Date "2015.08.12"]
[Round "6"]
[White "Wickström, Tommy"]
[Black "Bergré, Joachim"]
[Result "0-1"]
[WhiteElo "1895"]
[BlackElo "2100"]
[PlyCount "74"]

1. d4 d6 2. Bg5 g6 3. h4 h5 4. e4 Bg7 5. Nh3 c6 6. Nc3 Qb6 7. Qf3 Bg4 8. Qg3
Bxd4 9. Bd2 Bxh3 10. Rxh3 Nf6 11. f4 Ng4 12. Nd1 Nd7 13. c3 Bg7 14. Bc4 Ndf6
15. Qf3 Rd8 16. Bb3 Qg1+ 17. Ke2 d5 18. e5 Ne4 19. Be1 e6 20. g3 Qb6 21. Ne3
Qa6+ 22. Bc4 Qb6 23. Bb3 Nxe3 24. Qxe3 Qb5+ 25. Kd1 Bf8 26. Rh2 Nc5 27. Kc2 a5
28. Kc1 Nd3+ 29. Kb1 d4 30. cxd4 Nxe1 31. Qxe1 Rxd4 32. Qc3 Rd3 33. Qe1 Bb4 34.
Qf2 Rd2 35. Qxd2 Bxd2 36. Rxd2 Ke7 37. Bd1 Rd8 0-1

[Event "Manhem Chessweek Elo (1)"]
[Site "?"]
[Date "2015.08.12"]
[Round "6"]
[White "Bengtsson, Jonas"]
[Black "Axelsson, Henrik"]
[Result "1/2-1/2"]
[WhiteElo "2117"]
[BlackElo "1965"]
[PlyCount "75"]

1. d4 g6 2. c4 Bg7 3. e4 Nc6 4. Nf3 e5 5. Be3 exd4 6. Nxd4 Nge7 7. Nc3 d6 8. h4
h5 9. Qd2 f5 10. exf5 Nxf5 11. Nxf5 Bxf5 12. Nd5 Qd7 13. Bd3 O-O-O 14. O-O-O a5
15. Bb6 Bxd3 16. Qxd3 Nb4 17. Nxb4 axb4 18. Bd4 Bxd4 19. Qxd4 Qf5 20. Rhe1 Rhf8
21. f3 Rde8 22. b3 Kd7 23. Kb2 Rxe1 24. Rxe1 Qf6 25. Qxf6 Rxf6 26. Re4 Re6 27.
Rxe6 Kxe6 28. Kc2 Kf5 29. g3 c6 30. Kd3 g5 31. hxg5 Kxg5 32. Ke4 b6 33. Ke3 Kf6
34. Kf4 Kg6 35. Ke4 Kg5 36. Ke3 Kf5 37. Kd4 Kg5 38. Ke3 1/2-1/2

[Event "Manhem Chessweek Elo (1)"]
[Site "?"]
[Date "2015.08.12"]
[Round "6"]
[White "Gromark, Per-Olof"]
[Black "Fransson, Lennart"]
[Result "0-1"]
[WhiteElo "2036"]
[BlackElo "2107"]
[PlyCount "54"]

1. Nf3 f5 2. c4 e6 3. g3 Nf6 4. Bg2 Be7 5. O-O O-O 6. d4 d6 7. Nc3 Qe8 8. Bg5
Ne4 9. Bxe7 Qxe7 10. Qb3 c5 11. e3 Nc6 12. d5 Nxc3 13. Qxc3 exd5 14. cxd5 Nd8
15. Rfe1 Nf7 16. e4 fxe4 17. Nh4 Ng5 18. f4 Nh3+ 19. Bxh3 Bxh3 20. Re3 Bg4 21.
Rae1 Rae8 22. Qc4 b5 23. Rxe4 bxc4 24. Rxe7 Rxe7 25. Rxe7 Rb8 26. Ng2 Rxb2 27.
Ne3 c3 0-1

[Event "Manhem Chessweek Elo (1)"]
[Site "?"]
[Date "2015.08.12"]
[Round "6"]
[White "Dahl, Trygve"]
[Black "Bengtsson, Tage"]
[Result "1-0"]
[WhiteElo "2090"]
[BlackElo "2076"]
[PlyCount "33"]

1. e4 c5 2. Nf3 Nf6 3. e5 Nd5 4. Nc3 e6 5. Nxd5 exd5 6. d4 Nc6 7. dxc5 Bxc5 8.
Qxd5 Qb6 9. Bc4 Bxf2+ 10. Ke2 O-O 11. Rf1 Bc5 12. Ng5 d6 13. Rxf7 Nd4+ 14. Kd1
Bg4+ 15. Rf3+ Ne6 16. Nxe6 Bb4 17. Ng5+ 1-0

[Event "Manhem Chessweek Elo (1)"]
[Site "?"]
[Date "2015.08.12"]
[Round "6"]
[White "Hattab, Hashim"]
[Black "Svorono, Gabriel"]
[Result "0-1"]
[WhiteElo "1920"]
[BlackElo "1972"]
[PlyCount "70"]

1. d4 d5 2. c4 c6 3. Nc3 Nf6 4. Nf3 dxc4 5. e4 b5 6. e5 Nd5 7. Ne4 e6 8. g3 Bb7
9. Bg2 Nd7 10. O-O c5 11. dxc5 Nxc5 12. Nxc5 Bxc5 13. Ng5 Qc7 14. Re1 O-O-O 15.
Qe2 Bb4 16. Rf1 h6 17. Nf3 g5 18. a4 a6 19. axb5 axb5 20. h3 Qb6 21. Bd2 Kb8
22. Bxb4 Nxb4 23. b3 c3 24. Rfc1 c2 25. Nd2 Bxg2 26. Kxg2 Qc6+ 27. Ne4 Rd3 28.
Kh2 Rhd8 29. Nd6 Qf3 30. Qf1 Nc6 31. Nxb5 Nxe5 32. Qe1 f6 33. Na3 Qb7 34. Qa5
Nf3+ 35. Kg2 Nh4+ 0-1

[Event "Manhem Chessweek Elo (1)"]
[Site "?"]
[Date "2015.08.11"]
[Round "5"]
[White "Svorono, Gabriel"]
[Black "Bengtsson, Tage"]
[Result "0-1"]
[WhiteElo "1972"]
[BlackElo "2076"]
[PlyCount "106"]

1. e4 c6 2. d4 d5 3. e5 Bf5 4. Nf3 e6 5. Be2 Nd7 6. O-O Ne7 7. Nh4 c5 8. c3 Qb6
9. b4 cxd4 10. cxd4 Bg6 11. a3 Nc6 12. Be3 Rc8 13. Nc3 Qd8 14. Nxg6 hxg6 15.
Rc1 Nb6 16. Qd2 Be7 17. f4 a6 18. Bd3 Rc7 19. Ne2 Na7 20. Rxc7 Qxc7 21. Rc1 Qd7
22. Qc2 Bd8 23. Nc3 Nac8 24. a4 Ne7 25. a5 Nc4 26. Bxc4 dxc4 27. Ne4 Nf5 28.
Qf2 b5 29. axb6 Bxb6 30. Rxc4 O-O 31. g4 Qd5 32. Nd2 Nxe3 33. Qxe3 Rd8 34. Qe4
Bxd4+ 35. Kh1 g5 36. Qxd5 Rxd5 37. Nf3 Bb6 38. Nxg5 Kf8 39. Rc8+ Bd8 40. Kg2
Ke8 41. Ne4 Rd4 42. Rc4 Rxc4 43. Nd6+ Kd7 44. Nxc4 Kc6 45. Nd6 Be7 46. Kf3 Kd5
47. Ke3 g5 48. b5 a5 49. b6 gxf4+ 50. Kxf4 Bxd6 51. exd6 Kxd6 52. Ke3 a4 53.
Kd3 e5 0-1

[Event "Manhem Chessweek Elo (1)"]
[Site "?"]
[Date "2015.08.11"]
[Round "5"]
[White "Fransson, Lennart"]
[Black "Hattab, Hashim"]
[Result "1-0"]
[WhiteElo "2107"]
[BlackElo "1920"]
[PlyCount "65"]

1. c4 Nf6 2. b3 d5 3. cxd5 Nxd5 4. Bb2 Nc6 5. Nf3 Bf5 6. d3 Bg6 7. g3 e6 8. Bg2
Bb4+ 9. Nbd2 O-O 10. a3 Be7 11. Rc1 f5 12. b4 Bf6 13. Qc2 a6 14. Nb3 e5 15. e4
Nde7 16. Nc5 Qc8 17. O-O b6 18. exf5 Bxf5 19. Nb3 Qd7 20. Ne1 e4 21. dxe4 Bxb2
22. Qxb2 Bh3 23. f4 Rad8 24. Qc3 Kh8 25. Bxh3 Qxh3 26. Nf3 h6 27. Nbd4 Nxd4 28.
Nxd4 Ng6 29. Nf5 Rf7 30. Rc2 h5 31. Rd2 Re8 32. Qc6 Rxe4 33. Qxg6 1-0

[Event "Manhem Chessweek Elo (1)"]
[Site "?"]
[Date "2015.08.11"]
[Round "5"]
[White "Bergré, Joachim"]
[Black "Bengtsson, Jonas"]
[Result "1/2-1/2"]
[WhiteElo "2100"]
[BlackElo "2117"]
[PlyCount "31"]

1. e4 c5 2. Nc3 a6 3. g3 b5 4. Bg2 Bb7 5. d3 e6 6. f4 d5 7. e5 h5 8. a4 b4 9.
Nce2 Nc6 10. Nf3 Nh6 11. d4 Nf5 12. c3 a5 13. Bh3 g6 14. Bxf5 gxf5 15. Kf2 Ba6
16. Be3 1/2-1/2

[Event "Manhem Chessweek Elo (1)"]
[Site "?"]
[Date "2015.08.11"]
[Round "5"]
[White "Wickström, Tommy"]
[Black "Dahl, Trygve"]
[Result "0-1"]
[WhiteElo "1895"]
[BlackElo "2090"]
[PlyCount "42"]

1. e4 c5 2. b4 cxb4 3. a3 Nc6 4. axb4 Nxb4 5. c3 Nc6 6. d4 d6 7. f4 g6 8. h4 h5
9. Be2 Nf6 10. Nh3 Nxe4 11. Qd3 d5 12. O-O Bf5 13. Qb5 Bxh3 14. gxh3 Qd7 15. f5
Ng3 16. fxg6 Nxf1 17. gxf7+ Kxf7 18. Bxf1 Bh6 19. Bb2 Rhg8+ 20. Kh1 Be3 21. Bg2
Rxg2 0-1

[Event "Manhem Chessweek Elo (1)"]
[Site "?"]
[Date "2015.08.10"]
[Round "4"]
[White "Hattab, Hashim"]
[Black "Axelsson, Henrik"]
[Result "1-0"]
[WhiteElo "1920"]
[BlackElo "1965"]
[PlyCount "72"]

1. d4 Nf6 2. c4 c5 3. d5 e6 4. Nc3 exd5 5. cxd5 d6 6. Nf3 g6 7. h3 Bg7 8. Bf4
O-O 9. e3 Qa5 10. Nd2 b5 11. Bxd6 b4 12. Nc4 bxc3 13. Nxa5 cxb2 14. Bxf8 bxa1=Q
15. Qxa1 Kxf8 16. Bd3 Nxd5 17. Qc1 Bc3+ 18. Ke2 Na6 19. e4 Bxa5 20. Qh6+ Kg8
21. exd5 Nb4 22. Bc4 Bb7 23. Rd1 Re8+ 24. Kf1 Nxd5 25. Kg1 Bc7 26. g3 Nf6 27.
Bf1 Bf3 28. Rc1 Be5 29. Re1 Ne4 30. Qe3 Bc3 31. Qxc3 Nxc3 32. Rxe8+ Kg7 33. Re3
Nxa2 34. Rxf3 Nb4 35. Rc3 a5 36. Rxc5 a4 1-0

[Event "Manhem Chessweek Elo (1)"]
[Site "?"]
[Date "2015.08.10"]
[Round "4"]
[White "Bengtsson, Jonas"]
[Black "Wickström, Tommy"]
[Result "1-0"]
[WhiteElo "2117"]
[BlackElo "1895"]
[PlyCount "91"]

1. d4 d6 2. Nf3 Bg4 3. c4 Bxf3 4. exf3 g6 5. Nc3 Bg7 6. Be3 Nf6 7. Qd2 Nbd7 8.
Be2 e5 9. Rd1 exd4 10. Bxd4 O-O 11. O-O a6 12. f4 Nc5 13. Bf3 Ne6 14. Be3 Rb8
15. Rfe1 Qc8 16. Nd5 Re8 17. g3 b5 18. Ba7 Rb7 19. Nxf6+ Bxf6 20. Bxb7 Qxb7 21.
Be3 bxc4 22. Qc2 Qb5 23. a4 Qc6 24. b3 c3 25. f5 Nd4 26. Bxd4 Rxe1+ 27. Rxe1
Bxd4 28. fxg6 hxg6 29. Qd3 Qd5 30. Qc4 Qxc4 31. bxc4 c6 32. Kf1 d5 33. cxd5
cxd5 34. Ke2 Kf8 35. Kd3 Bxf2 36. Re2 Bg1 37. Kxc3 a5 38. h3 f5 39. Kd3 Bc5 40.
Re5 Bb4 41. Rxd5 Ke7 42. Ke2 Ke6 43. Rb5 g5 44. Kf3 Bd2 45. g4 fxg4+ 46. Kxg4
1-0

[Event "Manhem Chessweek Elo (1)"]
[Site "?"]
[Date "2015.08.10"]
[Round "4"]
[White "Dahl, Trygve"]
[Black "Svorono, Gabriel"]
[Result "1/2-1/2"]
[WhiteElo "2090"]
[BlackElo "1972"]
[PlyCount "90"]

1. e4 c5 2. Nf3 e6 3. d4 cxd4 4. Nxd4 Nc6 5. Nb5 d6 6. c4 a6 7. N5a3 Nf6 8. Nc3
Be7 9. Be2 O-O 10. O-O b6 11. Be3 Bb7 12. Qd2 Rc8 13. f3 Ne5 14. Rfd1 Qc7 15.
Rac1 Rfd8 16. Nab1 Ba8 17. Bf1 Qb7 18. Na4 Nfd7 19. Qf2 Nc5 20. Nac3 a5 21. b3
Qb8 22. Qb2 Bf6 23. Kh1 Bc6 24. Qc2 Qa8 25. a3 d5 26. b4 axb4 27. axb4 Na4 28.
b5 Nxc3 29. Nxc3 Nxc4 30. Bxc4 Bb7 31. Bxd5 exd5 32. Bd4 Bxd4 33. Rxd4 dxe4 34.
Rxd8+ Rxd8 35. fxe4 h6 36. Rf1 Qc8 37. Qf2 Qe6 38. Qf4 Re8 39. Qf2 Rc8 40. Nd5
Rc5 41. Qg3 Bxd5 42. exd5 Rxd5 43. Re1 Qd6 44. Qe3 Rd1 45. h3 Rxe1+ 1/2-1/2

[Event "Manhem Chessweek Elo (1)"]
[Site "?"]
[Date "2015.08.10"]
[Round "4"]
[White "Bengtsson, Tage"]
[Black "Fransson, Lennart"]
[Result "0-1"]
[WhiteElo "2076"]
[BlackElo "2107"]
[PlyCount "44"]

1. e4 Nf6 2. e5 Nd5 3. d4 d6 4. c4 Nb6 5. exd6 cxd6 6. Bd3 e5 7. c5 dxc5 8.
dxe5 Nc6 9. f4 Nb4 10. Be4 Qxd1+ 11. Kxd1 Be6 12. Nd2 O-O-O 13. Ke2 Bxa2 14.
Ngf3 Be7 15. Re1 h6 16. g3 g5 17. f5 g4 18. Nh4 Bxh4 19. gxh4 Rhe8 20. Kf1 Kb8
21. Bb1 Bxb1 22. Nxb1 Nc2 0-1

[Event "Manhem Chessweek Elo (1)"]
[Site "?"]
[Date "2015.08.10"]
[Round "4"]
[White "Gromark, Per-Olof"]
[Black "Bergré, Joachim"]
[Result "1/2-1/2"]
[WhiteElo "2036"]
[BlackElo "2100"]
[PlyCount "44"]

1. Nf3 Nf6 2. c4 g6 3. Nc3 Bg7 4. e4 d6 5. d4 O-O 6. Be2 Nbd7 7. O-O c5 8. d5
a6 9. Bg5 Rb8 10. a4 b6 11. Qd2 Ne8 12. Bh6 Nc7 13. Bxg7 Kxg7 14. Ne1 b5 15.
axb5 axb5 16. cxb5 Nf6 17. h3 Bd7 18. Nf3 Nxb5 19. e5 dxe5 20. Bxb5 Bxb5 21.
Rfe1 e4 22. Ng5 Bc4 1/2-1/2

[Event "Manhem Chessweek Elo (1)"]
[Site "?"]
[Date "2015.08.09"]
[Round "3"]
[White "Bergré, Joachim"]
[Black "Hattab, Hashim"]
[Result "1-0"]
[WhiteElo "2100"]
[BlackElo "1920"]
[PlyCount "151"]

1. e4 d6 2. d4 Nf6 3. Nc3 g6 4. g3 Bg7 5. Bg2 O-O 6. Nge2 Nbd7 7. h3 e5 8. Be3
h6 9. O-O Nh5 10. a4 Re8 11. g4 Nhf6 12. Ng3 exd4 13. Bxd4 Ne5 14. f3 Be6 15.
Nce2 c5 16. Bf2 Qc7 17. f4 Nc6 18. Nc3 Rad8 19. Nd5 Bxd5 20. exd5 Nb8 21. c3
Nbd7 22. Qd2 c4 23. g5 hxg5 24. fxg5 Nh7 25. Ne4 Ne5 26. Bd4 a6 27. a5 Qe7 28.
Rae1 Rf8 29. h4 Rde8 30. Re2 Qd8 31. Bb6 Qd7 32. Ref2 Nd3 33. Nf6+ Nxf6 34.
gxf6 Bh8 35. Rf3 Re5 36. Rg3 Rh5 37. b3 Ne5 38. Bh3 Qb5 39. b4 Nd3 40. Qg2 Ne5
41. Bd4 Kh7 42. Rg5 Rxh4 43. Qg3 Rh6 44. Bg2 Re8 45. Bxe5 dxe5 46. Rxe5 Rxe5
47. Qxe5 Rh5 48. Qe7 Kg8 49. Qd8+ Kh7 50. Qf8 Qd7 51. Qe7 Rxd5 52. Bxd5 Qxd5
53. Qe3 Qd6 54. Qh3+ Kg8 55. Qf3 Qe5 56. Kg2 Qg5+ 57. Kh3 Qh6+ 58. Kg2 Qg5+ 59.
Kh2 Qh4+ 60. Qh3 Qe4 61. Qg3 Qe6 62. Qf4 Qe2+ 63. Kg3 Qd3+ 64. Rf3 Qd5 65. Re3
Qc6 66. Rf3 Qd5 67. Kh3 Kh7 68. Kh2 Qd8 69. Qxc4 Qd2+ 70. Kg3 Qg5+ 71. Qg4 Qe5+
72. Qf4 Qe1+ 73. Kg2 Qe2+ 74. Rf2 Qe6 75. Kg3 Qc8 76. Rh2+ 1-0